000 00471nam a2200181Ia 4500
001 7504
005 20260306160500.0
008 260306t2006||||xx |||||||||||||| ||spa||
041 _aESP
082 _a339
_bM42
100 _aMendoza Bellido, Waldo
_eAUT
245 0 _aMacroeconomía:
_bun marco de análisis para una economía pequeña y abierta
260 _c2006
300 _a735 páginas :
_c24 cm.
650 _aGEN
654 _aCAN
942 _cLIB
_dJUS
_fJUS
_2ddc
_n
999 _c7504
_d7504